España-Mercado Común (Record no. 89848)

MARC details
000 -LEADER
campo de control de longitud fija 00796nam a2200229 i 4500
001 - NÚMERO DE CONTROL
campo de control 89848
003 - IDENTIFICADOR DE NÚMERO DE CONTROL
campo de control ES-MaACL
005 - FECHA Y HORA DE LA ÚLTIMA TRANSACCIÓN
campo de control 20250807075154.0
007 - CAMPO FIJO DE DESCRIPCIÓN FÍSICA--INFORMACIÓN GENERAL
campo de control de longitud fija t|
008 - DATOS DE LONGITUD FIJA--INFORMACIÓN GENERAL
campo de control de longitud fija 050114s1972 sp ||||1| spa d
100 1# - ENTRADA PRINCIPAL--NOMBRE DE PERSONA
Nombre de persona Lasuén, José Ramón.
9 (RLIN) 70506
245 10 - MENCIÓN DEL TÍTULO
Título España-Mercado Común
Resto del título : política crediticia y reforma agraria /
Mención de responsabilidad, etc. José Ramón Lasuén, Ramón Tamames.
260 ## - PUBLICACIÓN, DISTRIBUCIÓN, ETC.
Lugar de publicación, distribución, etc. [Algorta (Vizcaya)] :
Nombre del editor, distribuidor, etc. Zero,
Fecha de publicación, distribución, etc. [1972]
300 ## - DESCRIPCIÓN FÍSICA
Extensión 72 p. ;
Dimensiones 17 cm.
490 1# - MENCIÓN DE SERIE
Mención de serie Lee y discute. Serie R ;
Designación de volumen o secuencia 27
650 #4 - PUNTO DE ACCESO ADICIONAL DE MATERIA--TÉRMINO DE MATERIA
Término de materia o nombre geográfico como elemento de entrada Crédito agrícola-
Subdivisión geográfica España.
9 (RLIN) 135837
651 #4 - PUNTO DE ACCESO ADICIONAL DE MATERIA--NOMBRE GEOGRÁFICO
Nombre geográfico España-
Subdivisión general Política agraria-
Subdivisión cronológica 1939-1975.
9 (RLIN) 163148
700 1# - ENTRADA AGREGADA--NOMBRE PERSONAL
Nombre de persona Tamames, Ramón,
Fechas asociadas al nombre 1933-
9 (RLIN) 237391
830 1# - PUNTO DE ACCESO ADICIONAL DE SERIE-TÍTULO UNIFORME
Título uniforme Lee y discute. Serie R ;
Designación de volumen o secuencia 27
9 (RLIN) 183631
852 ## - LOCALIZACIÓN
Ubicación ES-MaACL
Número de control de estantería C-44970
Holdings
Estatus retirado Estado de pérdida Estado de daño No para préstamo Biblioteca de origen Biblioteca actual Ubicación en estantería Fecha de adquisición Fuente de adquisición Total de préstamos Signatura topográfica completa Código de barras Visto por última vez Precio de reemplazo Tipo de ítem Koha
        Biblioteca del Ateneo de Madrid Biblioteca del Ateneo de Madrid Depósito 2 17/01/2008     C-44970 1093831 23/02/2023 23/02/2023 Libro impreso